Gospodarze Mistrzostw Europy - Statystyki

Ogólne statystyki
  • Ten quiz został rozwiązany 1 811 razy
  • Średni wynik to 18 z 24
Statystyki odpowiedzi
Kraj Rok % Poprawnych
Polska 2012
98%
Niemcy 1988, 2020, 2024
97%
Ukraina 2012
95%
Francja 1960, 1984, 2016
94%
Hiszpania 1964, 2020
92%
Anglia 1996, 2020, 2028
90%
Włochy 1968, 1980, 2020, 2032
90%
Portugalia 2004
89%
Rosja 2020
85%
Holandia 2000, 2020
79%
Szwecja 1992
77%
Austria 2008
76%
Belgia 1972, 2000
76%
Szwajcaria 2008
76%
Irlandia 2028
73%
Dania 2020
68%
Szkocja 2020, 2028
66%
Turcja 2032
64%
Węgry 2020
63%
Walia 2028
60%
Rumunia 2020
57%
Irlandia Północna 2028
49%
Jugosławia 1976
35%
Azerbejdżan 2020
32%
Nie znaleziono quizów pasujących do podanych kryteriów
Rozkład punktacji
Procent ludzi z każdym wynikiem
Percentyl według liczby udzielonych odpowiedzi
Twoja historia wyników
Nie rozwiązałeś tego quizu